The new science of organizations : A reconceptualization of the wealth of nations

Sparad:
Bibliografiska uppgifter
Huvudupphovsman: Ramos, Alberto Guerreiro
Materialtyp: Bok
Språk:Undetermined
Publicerad: Toronto University of Toronto Press 1981
Ämnen:
Taggar: Lägg till en tagg
Inga taggar, Lägg till första taggen!
Thư viện lưu trữ: Trung tâm Học liệu Trường Đại học Cần Thơ
LEADER 00552nam a2200181Ia 4500
001 CTU_78799
008 210402s9999 xx 000 0 und d
082 |a 302.3 
082 |b R175 
100 |a Ramos, Alberto Guerreiro 
245 4 |a The new science of organizations : 
245 2 |b A reconceptualization of the wealth of nations 
245 0 |c Alberto Guerreiro Ramos 
260 |a Toronto 
260 |b University of Toronto Press 
260 |c 1981 
650 |a Organizational sociology 
980 |a Trung tâm Học liệu Trường Đại học Cần Thơ